000 00855nam a22001817a 4500
999 _c371878
_d371878
008 201127b ||||| |||| 00| 0 eng d
040 _aDE-2950
_bger
_cDE-2950
_erda
041 _ager
245 _aFrankfurt an der Oder - Straßburg des Ostens
_bBewerbung. Auch große Investitionen, wie das von der Bundesregierung ausgeschriebene Zukunftszentrum, können in kleineren Städten erfolgreich sein, weil sie nah an den Lebensrealitäten sind. Warum Frankfurt (Oder) ein hervorragender Standort wäre/
_cHeinz Kannenberg
264 _c2022
653 _aFrankfurt (Oder)
653 _aZukunftszentrum
773 _dFrankfurt (Oder) Märkisches Verlags- und Druckhaus GmbH & Co KG
_tMärkische Oderzeitung
_g33. Jahrgang (2022) Nr. 225 vom 26.09.2022, S. 13: Abb.
942 _cA